[Event "DEM U18 2012"]
[Site "Oberhof GER"]
[Date "2012.05.27"]
[Round "2"]
[White "Miller, Eduard"]
[Black "Bräuer, Franz"]
[Result "1-0"]
[Termination "normal"]
[Board "1"]
[WhiteElo "2156"]
[BlackElo "2226"]
[PlyCount "93"]
[WhiteFideId "24687022"]
[BlackFideId "24634468"]
[EventCountry "GER"]
[EventRounds "9"]
[EventType "swiss"]
[EventDate "2012.05.26"]

1. d4 Nf6 2. c4 e6 3. Nc3 Bb4 4. Qc2 O-O 5. a3 Bxc3+ 6. Qxc3 b5 7. e3 Bb7 8.
Nf3 bxc4 9. Bxc4 Nd5 10. Qc2 f5 11. Bd3 Nf6 12. Bd2 Ne4 13. Rc1 Nxd2 14. Kxd2
Bxf3 15. gxf3 Qh4 16. Ke2 Nc6 17. b4 a6 18. Qb3 Qh5 19. Rxc6 dxc6 20. Qxe6+ Kh8
21. Qxc6 Rad8 22. Qxc7 f4 23. Rg1 Qh6 24. Rg4 fxe3 25. fxe3 Rd6 26. h4 Rdf6 27.
Be4 R6f7 28. Qc6 Rf6 29. Qc5 R6f7 30. Rg5 Qf6 31. Rf5 Qxf5 32. Bxf5 Rxf5 33.
Qc6 R5f6 34. Qe4 Rd8 35. Qe5 Rfd6 36. Kd3 Rd5 37. Qe6 R5d6 38. Qc4 Rh6 39. d5
Rh5 40. e4 Rxh4 41. Qxa6 Rf4 42. Ke2 Rdf8 43. Qd3 h5 44. d6 h4 45. d7 Rd8 46.
e5 Rf7 47. e6 1-0

[Event "DEM U18 2012"]
[Site "Oberhof GER"]
[Date "2012.05.27"]
[Round "2"]
[White "Zuferi, Enis"]
[Black "Braun, Georg"]
[Result "0-1"]
[Termination "normal"]
[Board "2"]
[WhiteElo "2045"]
[BlackElo "2187"]
[PlyCount "76"]
[WhiteFideId "24692530"]
[BlackFideId "24629383"]
[EventCountry "GER"]
[EventRounds "9"]
[EventType "swiss"]
[EventDate "2012.05.26"]

1. d4 Nf6 2. c4 c5 3. d5 b5 4. cxb5 a6 5. bxa6 g6 6. Nc3 Bxa6 7. Nf3 d6 8. e4
Bxf1 9. Kxf1 Bg7 10. h3 O-O 11. Kg1 Nbd7 12. Kh2 Qa5 13. Re1 Rfb8 14. Re2 Rb7
15. Rc2 Nb6 16. b3 Ne8 17. Bd2 Nc7 18. Qe2 Qa6 19. Re1 Qxe2 20. Rxe2 Na6 21.
Nb5 f5 22. a4 fxe4 23. Rxe4 Nxd5 24. Bg5 h6 25. Bc1 Rab8 26. Nh4 Nf6 27. Re6
Kf7 28. Rce2 Bf8 29. Bxh6 Bxh6 30. Rxe7+ Rxe7 31. Nxd6+ Kg8 32. Rxe7 Bf4+ 33.
Kh1 Bxd6 34. Re6 Ne8 35. Rxg6+ Kf7 36. Rh6 Rxb3 37. g3 c4 38. Nf5 c3 0-1

[Event "DEM U18 2012"]
[Site "Oberhof GER"]
[Date "2012.05.27"]
[Round "2"]
[White "Friedrich, Wiede"]
[Black "Löwe, Lennard"]
[Result "1-0"]
[Termination "normal"]
[Board "3"]
[WhiteElo "2251"]
[BlackElo "2086"]
[PlyCount "67"]
[WhiteFideId "24629537"]
[BlackFideId "24653268"]
[EventCountry "GER"]
[EventRounds "9"]
[EventType "swiss"]
[EventDate "2012.05.26"]

1. e4 e6 2. d4 d5 3. Nc3 dxe4 4. Nxe4 Nd7 5. Bd3 Ngf6 6. Nf3 c5 7. O-O Nxe4 8.
Bxe4 Nf6 9. Bd3 Bd6 10. Be3 cxd4 11. Bxd4 Be7 12. Qd2 O-O 13. Rad1 Qc7 14. Be5
Qc5 15. Bd4 Qc7 16. Ng5 e5 17. Bc3 h6 18. Nf3 e4 19. Bxf6 Bxf6 20. Bxe4 Bxb2
21. Qb4 Bc3 22. Bh7+ Kxh7 23. Qxf8 Bf6 24. Rfe1 b6 25. Re8 Qxc2 26. Rde1 Qc6
27. h4 h5 28. Qxf7 Bg4 29. Qg8+ Kg6 30. Rxa8 Bxf3 31. gxf3 Qxf3 32. Qe8+ Kf5
33. Qe6+ Kf4 34. Rxa7 1-0

[Event "DEM U18 2012"]
[Site "Oberhof GER"]
[Date "2012.05.27"]
[Round "2"]
[White "Frischmann, Rick"]
[Black "Becker, Matthias"]
[Result "1-0"]
[Termination "normal"]
[Board "4"]
[WhiteElo "2144"]
[BlackElo "2007"]
[PlyCount "61"]
[WhiteFideId "24660752"]
[BlackFideId "12915564"]
[EventCountry "GER"]
[EventRounds "9"]
[EventType "swiss"]
[EventDate "2012.05.26"]

1. d4 d6 2. g3 g6 3. Bg2 Bg7 4. Nf3 f5 5. O-O Nf6 6. b3 O-O 7. Bb2 Qe8 8. c4
Na6 9. Nbd2 c6 10. a3 Nc7 11. Qc2 h6 12. Rae1 Qf7 13. e4 fxe4 14. Nxe4 Bg4 15.
Nfd2 Rae8 16. f3 Bf5 17. g4 Bd7 18. Ng3 Ne6 19. Ne2 Nh7 20. f4 Bf6 21. Nf3 Qg7
22. Rd1 c5 23. Ne5 Nxd4 24. Bxd4 dxe5 25. Bxc5 Bxg4 26. Bxb7 exf4 27. Bd5+ Kh8
28. Nxf4 Bf5 29. Qg2 Ng5 30. Rfe1 Be5 31. Rxe5 1-0

[Event "DEM U18 2012"]
[Site "Oberhof GER"]
[Date "2012.05.27"]
[Round "2"]
[White "Mertens, Fridolin"]
[Black "Klek, Hanna Marie"]
[Result "0-1"]
[Termination "normal"]
[Board "5"]
[WhiteElo "2038"]
[BlackElo "2220"]
[PlyCount "80"]
[WhiteFideId "24671940"]
[BlackFideId "24670057"]
[EventCountry "GER"]
[EventRounds "9"]
[EventType "swiss"]
[EventDate "2012.05.26"]

1. e4 e5 2. Nf3 Nc6 3. Bb5 a6 4. Ba4 Nge7 5. c3 g6 6. O-O Bg7 7. d3 O-O 8. Nbd2
b5 9. Bc2 d6 10. h3 Kh8 11. Re1 f5 12. Nf1 Qd7 13. Ng3 f4 14. Ne2 Nd8 15. a4
Bb7 16. d4 Nf7 17. dxe5 Nxe5 18. Nxe5 Bxe5 19. Nd4 c5 20. Nf3 Nc6 21. Qe2 c4
22. Bd2 Qg7 23. Rab1 Rab8 24. Red1 Bc8 25. b3 g5 26. axb5 axb5 27. Nxe5 Nxe5
28. f3 h5 29. Qf2 Rf6 30. Ra1 g4 31. hxg4 hxg4 32. Kf1 Be6 33. b4 Rg6 34. Ra7
Qf6 35. Ke2 gxf3+ 36. gxf3 Nxf3 37. Rh1+ Kg8 38. Kxf3 Bg4+ 39. Kg2 Be2+ 40. Kh2
Qh8+ 0-1

[Event "DEM U18 2012"]
[Site "Oberhof GER"]
[Date "2012.05.27"]
[Round "2"]
[White "Berchtenbreiter, Maximilian"]
[Black "Riederer, Martin"]
[Result "1-0"]
[Termination "normal"]
[Board "6"]
[WhiteTitle "FM"]
[WhiteElo "2332"]
[BlackElo "1912"]
[PlyCount "111"]
[WhiteFideId "24641120"]
[BlackFideId "12903140"]
[EventCountry "GER"]
[EventRounds "9"]
[EventType "swiss"]
[EventDate "2012.05.26"]

1. e4 e6 2. d3 d5 3. Nd2 Nf6 4. Qe2 Be7 5. Ngf3 b6 6. g3 dxe4 7. dxe4 Ba6 8. c4
Nc6 9. Bg2 e5 10. O-O Bc8 11. h3 Be6 12. Rd1 Qc8 13. Kh2 Nd7 14. Nb1 Bc5 15.
Nc3 Nd4 16. Nxd4 Bxd4 17. Nb5 Bc5 18. f4 f6 19. b3 a6 20. Na3 Bd4 21. Rb1 c5
22. Be3 Qc7 23. Nc2 Rd8 24. Bd2 Nb8 25. Ne1 Nc6 26. Nf3 Bf7 27. Ne1 Be6 28. Nd3
h5 29. f5 Bf7 30. Ne1 Ne7 31. Nf3 g5 32. h4 g4 33. Nxd4 Rxd4 34. Rdc1 Nc6 35.
a3 O-O 36. b4 cxb4 37. axb4 Rfd8 38. Be3 Rd3 39. Bf1 Qd7 40. Qxd3 Qxd3 41. Bxd3
Rxd3 42. b5 axb5 43. cxb5 Na5 44. Rc8+ Kg7 45. Bxb6 Nb3 46. Rd8 Rc3 47. Bf2 Rc2
48. Kg1 Rc7 49. b6 Rb7 50. Rbd1 Nd4 51. Bxd4 exd4 52. Rd6 d3 53. R1xd3 Bc4 54.
Rd7+ Kh6 55. Rxb7 Bxd3 56. Rh7+ 1-0

[Event "DEM U18 2012"]
[Site "Oberhof GER"]
[Date "2012.05.27"]
[Round "2"]
[White "Schreiner, Till"]
[Black "Karthäuser, Johannes"]
[Result "1-0"]
[Termination "normal"]
[Board "7"]
[WhiteElo "2219"]
[BlackElo "1954"]
[PlyCount "63"]
[WhiteFideId "24675555"]
[EventCountry "GER"]
[EventRounds "9"]
[EventType "swiss"]
[EventDate "2012.05.26"]

1. d4 Nf6 2. c4 g6 3. Nf3 Bg7 4. g3 d6 5. Bg2 O-O 6. O-O c5 7. d5 e6 8. Nc3
exd5 9. cxd5 Na6 10. Nd2 Nc7 11. a4 Ng4 12. h3 Ne5 13. f4 Nd7 14. e4 Rb8 15.
Nc4 Nb6 16. Ne3 Nd7 17. Nc4 Nb6 18. Nxb6 axb6 19. Qb3 Na6 20. Bd2 f5 21. Rae1
fxe4 22. Nxe4 Bf5 23. Ng5 Bd4+ 24. Kh2 Rc8 25. Ne6 Bxe6 26. dxe6 Qe7 27. Qxb6
Rc7 28. Bc3 Bxc3 29. bxc3 c4 30. Qd4 Rf6 31. Bd5 Nc5 32. Qxf6 1-0

[Event "DEM U18 2012"]
[Site "Oberhof GER"]
[Date "2012.05.27"]
[Round "2"]
[White "Budszuhn, Timo"]
[Black "Zimmermann, Ulrich"]
[Result "0-1"]
[Termination "normal"]
[Board "8"]
[WhiteElo "1964"]
[BlackElo "2207"]
[PlyCount "44"]
[WhiteFideId "1270607"]
[BlackFideId "24654523"]
[EventCountry "GER"]
[EventRounds "9"]
[EventType "swiss"]
[EventDate "2012.05.26"]

1. e4 e5 2. Nf3 Nc6 3. d4 exd4 4. Nxd4 Bc5 5. Be3 Qf6 6. c3 Nge7 7. Bc4 O-O 8.
O-O Qg6 9. Nd2 Bxd4 10. cxd4 d5 11. exd5 Nb4 12. Nf3 Nbxd5 13. Ne5 Qf6 14. Qd2
h6 15. Rac1 c6 16. b4 a6 17. a4 Nb6 18. Bb3 Be6 19. Bd1 Ned5 20. Rb1 Rfd8 21.
Bg4 Nxe3 22. fxe3 Qxe5 0-1

[Event "DEM U18 2012"]
[Site "Oberhof GER"]
[Date "2012.05.27"]
[Round "2"]
[White "Hahn, Markus"]
[Black "Cremer, Jan Paul"]
[Result "1-0"]
[Termination "normal"]
[Board "9"]
[WhiteElo "2148"]
[BlackElo "2089"]
[PlyCount "69"]
[WhiteFideId "24654647"]
[BlackFideId "24686115"]
[EventCountry "GER"]
[EventRounds "9"]
[EventType "swiss"]
[EventDate "2012.05.26"]

1. d4 Nf6 2. c4 e6 3. Nf3 b6 4. g3 Ba6 5. b3 Bb4+ 6. Bd2 Be7 7. Bg2 c6 8. Bc3
O-O 9. O-O d5 10. Nbd2 Nbd7 11. Qc2 c5 12. e4 cxd4 13. Nxd4 Rc8 14. exd5 exd5
15. Rfe1 Bc5 16. Nf5 Re8 17. Qb2 dxc4 18. b4 Bf8 19. b5 Rc5 20. Nd4 Bc8 21. Nc6
Qc7 22. Bd4 Rf5 23. Nxc4 Bb7 24. Rxe8 Nxe8 25. Ne3 Rh5 26. Bf3 Rg5 27. Re1 Nef6
28. Kg2 Bxc6 29. bxc6 Ne5 30. Nd5 Nxd5 31. Bxe5 Qxc6 32. Qd2 Qe6 33. Qxg5 Ne7
34. Qd2 Ng6 35. Bxg7 1-0

[Event "DEM U18 2012"]
[Site "Oberhof GER"]
[Date "2012.05.27"]
[Round "2"]
[White "Dünzel, Jonas"]
[Black "Mons, Leon"]
[Result "0-1"]
[Termination "normal"]
[Board "10"]
[BlackTitle "FM"]
[WhiteElo "2055"]
[BlackElo "2345"]
[PlyCount "34"]
[WhiteFideId "24631167"]
[BlackFideId "4614950"]
[EventCountry "GER"]
[EventRounds "9"]
[EventType "swiss"]
[EventDate "2012.05.26"]

1. c4 d6 2. g3 g6 3. Bg2 Bg7 4. Nc3 Nf6 5. Nf3 O-O 6. d3 e5 7. Bd2 Nbd7 8. b4
a5 9. a3 e4 10. Ng1 exd3 11. exd3 Ne5 12. Bf4 axb4 13. Bxe5 dxe5 14. Na4 e4 15.
d4 Ng4 16. axb4 Qxd4 17. Ra2 Qxc4 0-1

[Event "DEM U18 2012"]
[Site "Oberhof GER"]
[Date "2012.05.27"]
[Round "2"]
[White "Boes, Christoph"]
[Black "Wenninger, Philipp"]
[Result "1-0"]
[Termination "normal"]
[Board "11"]
[WhiteElo "1927"]
[BlackElo "2205"]
[PlyCount "105"]
[WhiteFideId "1270004"]
[BlackFideId "4648404"]
[EventCountry "GER"]
[EventRounds "9"]
[EventType "swiss"]
[EventDate "2012.05.26"]

1. e4 c6 2. d4 d5 3. Nc3 dxe4 4. Nxe4 Bf5 5. Ng3 Bg6 6. Nf3 Nd7 7. h4 h6 8. h5
Bh7 9. Bd3 Bxd3 10. Qxd3 e6 11. Bd2 Ngf6 12. O-O-O Be7 13. Qe2 c5 14. Kb1 Rc8
15. Rhe1 O-O 16. d5 Nxd5 17. Ne4 c4 18. g4 Qb6 19. c3 Ba3 20. Bc1 Nc5 21. Ka1
Nxe4 22. Qxe4 Be7 23. g5 hxg5 24. Nxg5 Bxg5 25. Bxg5 Qa5 26. Bd2 Nf6 27. Qg2
Nxh5 28. Rh1 Rfd8 29. Qg4 Rd5 30. Rdg1 Rcc5 31. Rxh5 g6 32. Rxd5 Rxd5 33. Be3
Rh5 34. Qxc4 b6 35. Qe4 Kg7 36. Kb1 Qb5 37. a4 Qa5 38. f4 Qf5 39. Qxf5 Rxf5 40.
Rg5 Rxg5 41. fxg5 f6 42. Kc2 e5 43. gxf6+ Kxf6 44. Kd3 Kf5 45. b4 g5 46. a5
bxa5 47. bxa5 a6 48. c4 g4 49. c5 g3 50. Ke2 e4 51. Kf1 Ke5 52. Kg2 Kd5 53.
Kxg3 1-0

[Event "DEM U18 2012"]
[Site "Oberhof GER"]
[Date "2012.05.27"]
[Round "2"]
[White "Kramer, Julian"]
[Black "Brodmann, Anton"]
[Result "1-0"]
[Termination "normal"]
[Board "12"]
[WhiteElo "2052"]
[BlackElo "1937"]
[PlyCount "105"]
[WhiteFideId "12921742"]
[BlackFideId "24655481"]
[EventCountry "GER"]
[EventRounds "9"]
[EventType "swiss"]
[EventDate "2012.05.26"]

1. e4 e6 2. d4 d5 3. Nc3 Nc6 4. e5 f6 5. Bb5 Bd7 6. Bxc6 bxc6 7. Nf3 c5 8. dxc5
Bxc5 9. O-O Nh6 10. Bxh6 gxh6 11. Nxd5 exd5 12. Qxd5 Bg4 13. Qc6+ Kf7 14. Qxc5
Bxf3 15. e6+ Kxe6 16. Qe3+ Kf7 17. Qxf3 Re8 18. Rad1 Qe7 19. Qh3 Rad8 20. Qxh6
Kg8 21. Rxd8 Rxd8 22. g3 Qe5 23. Qh3 Rd2 24. Qg4+ Kf7 25. Qc4+ Kg7 26. b3 c5
27. a4 f5 28. a5 h5 29. a6 Rd4 30. Qb5 Qd5 31. c3 Rd2 32. Qb7+ Qf7 33. Re1 Rd7
34. Qb8 Rc7 35. Qd8 Kg6 36. Qd6+ Kh7 37. c4 h4 38. Re6 Rd7 39. Rh6+ Kg7 40.
Rg6+ Kh7 41. Rh6+ Kg7 42. Qe6 Qxe6 43. Rxe6 hxg3 44. hxg3 Rc7 45. Re8 Kf6 46.
Rd8 Ke5 47. f3 Rc6 48. Rd5+ Kf6 49. Kf2 Rxa6 50. Rxc5 Ra2+ 51. Ke3 Ra3 52. Rb5
a5 53. Kf4 1-0

[Event "DEM U18 2012"]
[Site "Oberhof GER"]
[Date "2012.05.27"]
[Round "2"]
[White "Heyne, Lukas"]
[Black "Faldum, Manfred"]
[Result "1/2-1/2"]
[Termination "normal"]
[Board "13"]
[WhiteElo "2050"]
[BlackElo "1971"]
[PlyCount "138"]
[WhiteFideId "24618080"]
[BlackFideId "12921459"]
[EventCountry "GER"]
[EventRounds "9"]
[EventType "swiss"]
[EventDate "2012.05.26"]

1. e4 c5 2. Nf3 g6 3. d4 cxd4 4. Nxd4 Bg7 5. c4 Nc6 6. Be3 d6 7. Nc3 Nf6 8. Be2
O-O 9. O-O Nxd4 10. Bxd4 Nd7 11. Be3 b6 12. Qd2 Nc5 13. f3 a5 14. b3 Ra7 15.
Rab1 Bd7 16. Nd5 e6 17. Nc3 Bc6 18. Rfd1 Rd7 19. Qc2 f5 20. exf5 gxf5 21. a3
Ba8 22. b4 axb4 23. axb4 Na6 24. Na4 Be5 25. Nxb6 Rg7 26. Nxa8 f4 27. Bf2 Qg5
28. Bf1 Rxa8 29. c5 dxc5 30. bxc5 Nc7 31. Qe4 Rf8 32. h4 Qh5 33. Bc4 Kh8 34.
Rb7 Rfg8 35. Bf1 Rf8 36. c6 Rfg8 37. Rd2 Nd5 38. Rxg7 Rxg7 39. Bc4 Bc7 40. Bxd5
exd5 41. Rxd5 Qg6 42. Rg5 Qxe4 43. fxe4 Rxg5 44. hxg5 Kg7 45. Bc5 Kg6 46. Be7
Kf7 47. Bf6 Kg6 48. e5 Kf5 49. Kf2 Bb6+ 50. Kf3 Bc7 51. Ke2 Ke6 52. Kd3 Kd5 53.
Ke2 Kxc6 54. Kf3 Kd5 55. Kxf4 Ke6 56. g4 Ba5 57. Kg3 Be1+ 58. Kh3 Kd7 59. Kg2
Ke6 60. Kf3 Ba5 61. Kf4 Bd2+ 62. Ke4 Ba5 63. Bg7 Bb4 64. Kd4 Bd2 65. Bf6 Ba5
66. Ke4 Bb4 67. Bg7 Ba5 68. Bf8 Bd2 69. Bh6 Bc3 1/2-1/2

[Event "DEM U18 2012"]
[Site "Oberhof GER"]
[Date "2012.05.27"]
[Round "2"]
[White "Hocke, Sebastian"]
[Black "Weber, Max"]
[Result "0-1"]
[Termination "normal"]
[Board "14"]
[WhiteElo "1957"]
[BlackElo "2062"]
[PlyCount "88"]
[WhiteFideId "24678724"]
[BlackFideId "4624831"]
[EventCountry "GER"]
[EventRounds "9"]
[EventType "swiss"]
[EventDate "2012.05.26"]

1. e4 c5 2. Nf3 e6 3. d4 cxd4 4. Nxd4 Nc6 5. Nb5 d6 6. N1c3 a6 7. Nd4 Nf6 8.
Be3 Qc7 9. f3 b5 10. Qd2 Ne5 11. Rd1 Bb7 12. a4 b4 13. Na2 d5 14. Nxb4 Nc4 15.
Bxc4 Qxc4 16. Nd3 dxe4 17. b3 Qc7 18. Nf2 Rd8 19. Qe2 Bb4+ 20. Kf1 exf3 21.
Nxf3 O-O 22. Nd3 Bd6 23. Bg5 Qc3 24. Qd2 Rc8 25. Qxc3 Rxc3 26. Bxf6 gxf6 27.
Rd2 Rfc8 28. Nfe1 a5 29. Ke2 Bf8 30. Kd1 Ba6 31. Rf2 f5 32. h4 Bh6 33. Rh3 f6
34. Nf4 Rd8+ 35. Ned3 e5 36. Ne2 Rc7 37. Rxf5 e4 38. Rxf6 exd3 39. cxd3 Bxd3
40. Rxh6 Bf5+ 41. Ke1 Bxh3 42. gxh3 Rd3 43. Ra6 Rc2 44. Rxa5 Re3 0-1

[Event "DEM U18 2012"]
[Site "Oberhof GER"]
[Date "2012.05.29"]
[Round "4"]
[White "Berchtenbreiter, Maximilian"]
[Black "Frischmann, Rick"]
[Result "1-0"]
[Termination "normal"]
[Board "2"]
[WhiteTitle "FM"]
[WhiteElo "2332"]
[BlackElo "2144"]
[PlyCount "53"]
[WhiteFideId "24641120"]
[BlackFideId "24660752"]
[EventCountry "GER"]
[EventRounds "9"]
[EventType "swiss"]
[EventDate "2012.05.26"]

1. e4 c5 2. Nf3 e6 3. Nc3 a6 4. d4 cxd4 5. Nxd4 Qc7 6. Bd3 d6 7. O-O g6 8. Be3
Nf6 9. Kh1 Bg7 10. f4 O-O 11. Qe1 Nbd7 12. Qh4 b5 13. a3 Bb7 14. Rae1 Nc5 15.
f5 exf5 16. exf5 Rae8 17. Bh6 Rxe1 18. Rxe1 Re8 19. Rf1 Bxh6 20. Qxh6 Ng4 21.
Qf4 Nxd3 22. cxd3 h5 23. h3 Ne5 24. f6 Kh7 25. Nf5 gxf5 26. Qg5 Bxg2+ 27. Kh2
1-0

[Event "DEM U18 2012"]
[Site "Oberhof GER"]
[Date "2012.05.29"]
[Round "4"]
[White "Zuferi, Enis"]
[Black "Mons, Leon"]
[Result "1/2-1/2"]
[Termination "normal"]
[Board "3"]
[BlackTitle "FM"]
[WhiteElo "2045"]
[BlackElo "2345"]
[PlyCount "85"]
[WhiteFideId "24692530"]
[BlackFideId "4614950"]
[EventCountry "GER"]
[EventRounds "9"]
[EventType "swiss"]
[EventDate "2012.05.26"]

1. d4 d6 2. c4 e5 3. Nc3 exd4 4. Qxd4 Nf6 5. Nd5 Nxd5 6. cxd5 c5 7. Qc3 Nd7 8.
e4 Qe7 9. Bd3 f5 10. f3 fxe4 11. fxe4 Qh4+ 12. g3 Qf6 13. Bf4 h6 14. h4 Qxc3+
15. bxc3 Nf6 16. Rb1 Be7 17. Nf3 Bg4 18. Nd2 O-O-O 19. O-O Nh5 20. Kg2 Rhf8 21.
Nc4 Nxf4+ 22. Rxf4 Rxf4 23. gxf4 Bxh4 24. Na5 b6 25. Nc6 Rf8 26. Nxa7+ Kc7 27.
Nb5+ Kd7 28. e5 dxe5 29. fxe5 Bf3+ 30. Kh3 Bxd5 31. Kxh4 Rf4+ 32. Kh5 Bf7+ 33.
Bg6 Rf5+ 34. Kg4 Bxg6 35. Rd1+ Ke7 36. Rd6 h5+ 37. Kg3 Be8 38. Nc7 Rxe5 39.
Rxb6 Bd7 40. Kf4 Rf5+ 41. Ke4 Rf2 42. Nd5+ Kf7 43. Rb7 1/2-1/2

[Event "DEM U18 2012"]
[Site "Oberhof GER"]
[Date "2012.05.29"]
[Round "4"]
[White "Becker, Matthias"]
[Black "Bräuer, Franz"]
[Result "1-0"]
[Termination "normal"]
[Board "4"]
[WhiteElo "2007"]
[BlackElo "2226"]
[PlyCount "79"]
[WhiteFideId "12915564"]
[BlackFideId "24634468"]
[EventCountry "GER"]
[EventRounds "9"]
[EventType "swiss"]
[EventDate "2012.05.26"]

1. e4 e5 2. Nf3 Nc6 3. d4 exd4 4. Nxd4 Nf6 5. Nxc6 bxc6 6. e5 Qe7 7. Qe2 Nd5 8.
c4 Ba6 9. b3 O-O-O 10. Bb2 f6 11. Nd2 fxe5 12. O-O-O Nf6 13. Qxe5 Qxe5 14. Bxe5
Ng4 15. Bg3 Ba3+ 16. Kb1 Rhf8 17. Nf3 Bc5 18. Rd2 Rde8 19. Bd3 Bb4 20. Rc2 Nf6
21. a3 Be7 22. Re1 Bc5 23. Rce2 Rxe2 24. Rxe2 Nd5 25. Kc2 Nf4 26. Bxf4 Rxf4 27.
Bxh7 Bxa3 28. Re5 Bd6 29. Rg5 Rf7 30. h4 Bb7 31. Bg8 Rf8 32. Rxg7 Bc5 33. h5
Rf6 34. Rf7 Rh6 35. g4 Kd8 36. Ne5 Bc8 37. Rf5 Ke8 38. Bf7+ Ke7 39. Ng6+ Kd6
40. Rf6# 1-0

[Event "DEM U18 2012"]
[Site "Oberhof GER"]
[Date "2012.05.29"]
[Round "4"]
[White "Schreiner, Till"]
[Black "Miller, Eduard"]
[Result "1-0"]
[Termination "normal"]
[Board "5"]
[WhiteElo "2219"]
[BlackElo "2156"]
[PlyCount "83"]
[WhiteFideId "24675555"]
[BlackFideId "24687022"]
[EventCountry "GER"]
[EventRounds "9"]
[EventType "swiss"]
[EventDate "2012.05.26"]

1. d4 Nf6 2. c4 c5 3. d5 b5 4. Nf3 g6 5. cxb5 a6 6. b6 Qxb6 7. Nc3 Bg7 8. e4 d6
9. Nd2 Nbd7 10. Be2 O-O 11. O-O Ne5 12. Kh1 g5 13. Rb1 e6 14. Nc4 Nxc4 15. Bxc4
h6 16. f4 gxf4 17. Bxf4 e5 18. Bxh6 Bxh6 19. Rxf6 Bg5 20. Rf1 Kg7 21. Be2 Rh8
22. Bg4 Bf4 23. h3 Rh4 24. Bxc8 Rxc8 25. Ne2 Qb4 26. Qe1 Qxe1 27. Rbxe1 Rb8 28.
b3 Rb4 29. g3 Rxh3+ 30. Kg2 Rxe4 31. Nxf4 Rxe1 32. Rxe1 Rh6 33. Nd3 f5 34. Nb2
Kf6 35. Nc4 Kg5 36. Rh1 Rg6 37. Kf3 e4+ 38. Kf2 f4 39. gxf4+ Kxf4 40. Rh4+ Kf5
41. Rh7 Rf6 42. Ke3 1-0

[Event "DEM U18 2012"]
[Site "Oberhof GER"]
[Date "2012.05.29"]
[Round "4"]
[White "Mertens, Fridolin"]
[Black "Zimmermann, Ulrich"]
[Result "1/2-1/2"]
[Termination "normal"]
[Board "6"]
[WhiteElo "2038"]
[BlackElo "2207"]
[PlyCount "156"]
[WhiteFideId "24671940"]
[BlackFideId "24654523"]
[EventCountry "GER"]
[EventRounds "9"]
[EventType "swiss"]
[EventDate "2012.05.26"]

1. e4 e5 2. Nf3 Nc6 3. Bb5 a6 4. Ba4 Nf6 5. d3 b5 6. Bb3 Be7 7. h3 O-O 8. O-O
d6 9. c3 Na5 10. Bc2 c5 11. Re1 Re8 12. Nbd2 Nc6 13. Nf1 h6 14. Ng3 Bf8 15. a4
Bb7 16. d4 exd4 17. cxd4 Nxd4 18. Nxd4 cxd4 19. Qxd4 Rc8 20. Qd3 Qc7 21. Bb3 d5
22. axb5 dxe4 23. Qf1 axb5 24. Qxb5 Bc6 25. Qe2 e3 26. Bxe3 Bc5 27. Nh5 Nxh5
28. Qxh5 Bxe3 29. fxe3 Re5 30. Qe2 Rg5 31. e4 Re8 32. Qc4 Qb6+ 33. Kh1 Re7 34.
Rac1 Bb7 35. Rcd1 Ba6 36. Qd4 Qb7 37. Bd5 Qc7 38. Qc3 Qf4 39. Qe3 Qh4 40. Qa3
Rg6 41. e5 Rb6 42. Re4 Qg5 43. Rde1 Rd7 44. e6 Rxd5 45. e7 Bb5 46. e8=Q+ Bxe8
47. Rxe8+ Kh7 48. R8e2 Rd2 49. b4 Re6 50. Qf3 Rdxe2 51. Rxe2 Qc1+ 52. Kh2 Rxe2
53. Qxe2 Qf4+ 54. Kh1 Qxb4 55. Qc2+ g6 56. Qc7 Qe1+ 57. Kh2 Kg7 58. Qc2 Kf6 59.
Qc6+ Qe6 60. Qc2 Qe3 61. Qc6+ Kg5 62. Qd5+ Kf6 63. Qc6+ Kf5 64. Qc8+ Qe6 65.
Qc2+ Qe4 66. Qc8+ Kg5 67. Qc5+ f5 68. Qb6 Kh5 69. Qb2 Qe3 70. Qa2 f4 71. Qd5+
Kh4 72. Qd8+ g5 73. Qd1 h5 74. Qa1 Qg3+ 75. Kh1 f3 76. Qd4+ Qf4 77. Qf2+ Qg3
78. Qd4+ Qf4 1/2-1/2

[Event "DEM U18 2012"]
[Site "Oberhof GER"]
[Date "2012.05.29"]
[Round "4"]
[White "Hahn, Markus"]
[Black "Klek, Hanna Marie"]
[Result "0-1"]
[Termination "normal"]
[Board "7"]
[WhiteElo "2148"]
[BlackElo "2220"]
[PlyCount "78"]
[WhiteFideId "24654647"]
[BlackFideId "24670057"]
[EventCountry "GER"]
[EventRounds "9"]
[EventType "swiss"]
[EventDate "2012.05.26"]

1. d4 g6 2. c4 Nf6 3. Nc3 Bg7 4. e4 d6 5. h3 O-O 6. Bg5 Na6 7. Nf3 Qe8 8. g4 e5
9. d5 Kh8 10. Be2 Ng8 11. Nd2 c6 12. h4 f6 13. Be3 f5 14. gxf5 gxf5 15. exf5
Bxf5 16. Nde4 Nh6 17. Rg1 Bxe4 18. Nxe4 Nf5 19. Qd2 cxd5 20. cxd5 Qa4 21. Rg4
Nb4 22. Rc1 Rac8 23. Nc3 Qa5 24. a3 Na6 25. Ra4 Qd8 26. Bg5 Qe8 27. Bb5 Qg6 28.
Bd7 Nd4 29. Rxd4 exd4 30. Bxc8 dxc3 31. Rxc3 Nc5 32. Rxc5 dxc5 33. d6 Qb1+ 34.
Ke2 Re8+ 35. Be3 Rxc8 36. d7 Rd8 37. Bg5 Qe4+ 38. Kf1 Qc4+ 39. Kg1 Qg4+ 0-1

[Event "DEM U18 2012"]
[Site "Oberhof GER"]
[Date "2012.05.29"]
[Round "4"]
[White "Karthäuser, Johannes"]
[Black "Cremer, Jan Paul"]
[Result "0-1"]
[Termination "normal"]
[Board "8"]
[WhiteElo "1954"]
[BlackElo "2089"]
[PlyCount "52"]
[BlackFideId "24686115"]
[EventCountry "GER"]
[EventRounds "9"]
[EventType "swiss"]
[EventDate "2012.05.26"]

1. e4 c5 2. c3 d5 3. exd5 Qxd5 4. d4 g6 5. Nf3 Bg7 6. dxc5 Qxc5 7. Be3 Qc7 8.
Na3 Bxc3+ 9. bxc3 Qxc3+ 10. Nd2 Qxa3 11. Nc4 Qc3+ 12. Bd2 Qd4 13. Rc1 Nc6 14.
Qe2 Nf6 15. Be3 Qe4 16. Bh6 Qxe2+ 17. Bxe2 Nd5 18. Bg7 Rg8 19. Bb2 Nf4 20. Ne5
Nxe5 21. Bxe5 Nxg2+ 22. Kd2 Nh4 23. Rc7 Bd7 24. Bg3 Nf5 25. Rxb7 Bc6 26. Bb5
O-O-O+ 0-1

[Event "DEM U18 2012"]
[Site "Oberhof GER"]
[Date "2012.05.29"]
[Round "4"]
[White "Wenninger, Philipp"]
[Black "Riederer, Martin"]
[Result "1-0"]
[Termination "normal"]
[Board "9"]
[WhiteElo "2205"]
[BlackElo "1912"]
[PlyCount "101"]
[WhiteFideId "4648404"]
[BlackFideId "12903140"]
[EventCountry "GER"]
[EventRounds "9"]
[EventType "swiss"]
[EventDate "2012.05.26"]

1. d4 f5 2. g3 Nf6 3. Bg2 g6 4. Nh3 Bg7 5. Nf4 d6 6. Nc3 e5 7. dxe5 dxe5 8.
Qxd8+ Kxd8 9. Nfd5 c6 10. Nxf6 Bxf6 11. e4 Na6 12. Be3 Be6 13. O-O-O+ Kc7 14.
Rhe1 Rhd8 15. Rxd8 Kxd8 16. a3 Ke7 17. Bf1 Nc7 18. f4 Kf7 19. Bd2 exf4 20. e5
Be7 21. gxf4 Rd8 22. Bg2 Nd5 23. Nxd5 Bxd5 24. Bxd5+ Rxd5 25. Be3 b6 26. c4 Rd8
27. Kc2 Ke6 28. b4 h6 29. Rg1 Rg8 30. Kd3 g5 31. h3 Rd8+ 32. Kc3 Rg8 33. Kd3
Kf7 34. Rg2 Kg6 35. fxg5 hxg5 36. Bxg5 Bxg5 37. h4 Kh5 38. hxg5 Rxg5 39. Re2
Rg8 40. Rh2+ Kg6 41. Rg2+ Kf7 42. Rxg8 Kxg8 43. Ke3 Kf7 44. Kf4 Ke6 45. b5 cxb5
46. cxb5 Kd5 47. Kxf5 Kc5 48. e6 Kxb5 49. e7 Ka4 50. e8=Q+ Kxa3 51. Qe7+ 1-0